| 000 | 00564nam a2200241 a 4500 | ||
|---|---|---|---|
| 001 | nice12345678 | ||
| 003 | IN_TiNIC | ||
| 005 | 20260116011333.0 | ||
| 008 | 050524s1959 lona grp 000 0 eng | ||
| 020 |
_a _c100 |
||
| 082 | 0 | 0 |
_a956.94 _bSCH |
| 100 | _aSchwarz, Walter | ||
| 245 | _aArabs in Israel | ||
| 260 |
_aLondon _bFaber and Faber Limited _c1959 |
||
| 300 | _a172p | ||
| 500 | _aincludes index and biblioraphy | ||
| 505 | 2 | _aIndex | |
| 650 | _aKosovo-History | ||
| 700 | 1 | _aSchwarz, Walter | |
| 902 | _bSRS | ||
| 942 | _cBK | ||
| 999 |
_c631 _d631 |
||